00374nam a2200145 450000500170000002000180001710000150003524500510005025000130010126000440011430000140015865000190017265000140019165000230020520250806160851.0 a9789360745370 aKesavan, S aTopics in functional analysis and applications a4th ed.  aNew DelhibNew age international c2025 aviii+323  aSobolev spaces aSemigroup aNonlinear analysis